00812nam a2200229 i 4500001000300000245011100003260010300114300002800217504002600245546002600271650002700297700002800324015001700352020001500369020001800384040000800402041001300410044000800423080001200431008004100443856009800484bg00aZarządzanie ryzykiem w działalności gospodarczej :bmonografia.nCz. 1 /cred. nauk. Eugeniusz Sitek. aCzęstochowa :bSekcja Wydawnictwa Wydziału Zarządzania Politechniki Częstochowskiej,c2006. a188 s. :bil. ;c24 cm. aBibliogr. przy rozdz. aTekst częśc. ang. 9aZarządzanie ryzykiem1 aSitek, Eugeniusz.eRed. aPB 2338/2007 a838846924X a9788388469244 cBPK0 apolaeng aPOL a005.334061215s2006 pl a |000 0 pol  uhttp://koha.tu.koszalin.pl/cgi-bin/koha/opac-detail.pl?biblionumber=54134yKatalog online BPK